Implementación de acciones de mejora utilizando técnicas de ingeniería de trabajo en la panadería Schick Planta I

Presenta la propuesta de implementación de acciones de mejora utilizando técnicas de ingeniería de trabajo basado en la filosofía Japonesa para el mejoramiento continuo del sistema de producción y ambiente de trabajo de la panadería Schick Planta I.

Bibliographic Details
Main Authors: Acevedo López, Dulce María, Díaz Arroliga, Brayan Saúl
Other Authors: Tutor: Fuentes Espinoza, Oscar Danilo
Format: Tesis Section = Libro
Language:Undetermined
Spanish
Published: Managua UNI 2013
Subjects:
LEADER 01108nam a2200253Ia 4500
008 240830s9999 xx 000 0 und d
040 |a BIBLIOTECA-RUPAP Mon 658.5 A174 
041 |a spa 
082 |a Mon 658.5 A174 
100 1 |a Acevedo López, Dulce María 
100 1 |b Díaz Arroliga, Brayan Saúl 
245 1 0 |a Implementación de acciones de mejora utilizando técnicas de ingeniería de trabajo en la panadería Schick Planta I 
260 |a Managua  |b UNI  |c 2013 
300 |a 57 p. :il. 
500 |a Contiene: anexos e Incluye: CD. 
502 |a Tesis (Ingeniero Industrial)- UNI, 2013. 
520 3 |a Presenta la propuesta de implementación de acciones de mejora utilizando técnicas de ingeniería de trabajo basado en la filosofía Japonesa para el mejoramiento continuo del sistema de producción y ambiente de trabajo de la panadería Schick Planta I. 
650 7 |a ADMINISTRACION DE LA PRODUCCION 
650 7 |b SISTEMA DE PRODUCCION 
650 7 |c ESTRATEGIAS DE OPERACIONES. 
700 1 |a Tutor:  |b Fuentes Espinoza, Oscar Danilo 
942 |c BK  |2 ddc 
991 |a TESIS 
999 |c 17428